| 000 | 00669nam a22001577a 4500 | ||
|---|---|---|---|
| 999 |
_c534745 _d534745 |
||
| 020 | _qHard Cover. | ||
| 082 | _a620.0011 | ||
| 100 | _aMushtaq, Warda | ||
| 245 |
_aInvestigations on structural, morphological and optical characteristics of metal-oxides based charge extraction layers fabricated via low-temperature colloidal dispersion route for inverted hybrid solar cells / _cWarda Mushtaq. |
||
| 260 |
_aIslamabad : _bUSCAS-E - NUST, _c2016. |
||
| 300 |
_axv, 137 p. ill. ; _c30cm. |
||
| 942 |
_2ddc _cTHE |
||
| 650 |
_aEnergy Systems Engineering - MS Thesis. _928880 |
||
| 700 |
_aDr. Zubair S. Khan. _928889 |
||